=LDR 00000nam 2200000 4500 =001 INLIS000000000025203 =005 20201124100809 =035 ##$$a 0010-061300000025203 =008 201124################g##########0#ind## =041 ##$$a Ind =082 ##$$a 306.804 =090 ##$$a 306.804, Lin l =245 ##$$a Lingkungan keluarga dan anak : $b Kasus kelompok binaan paln Indonesia di gunung kidul /$c Faturohman [at.all]; penyunting, Sugihastuti =260 ##$$a Yogyakarta :$b Kerjasama Pusat Studi Kependudukan dan kebijakan UGM dengan PLAN Indonesia,$c 2002 =300 ##$$a xx, 177 hlm, : $b ilus. ; $c 21 x 15 cm. =650 #4$$a Keluarga dan Lingkungan =850 ##$$a NBPNMAT =020 ##$$a 979-8368-59-2 =084 ##$$a 306.804 LIN l =700 #$$a Faturohman =700 #$$a Sugihastuti =990 ##$$a 304000025